000
00302nam a2200133Ia 4500
100
_a
Hill/ F.J./ Peterson/ G.R.
942
_c
BK
654
_a
digital
245
_a
Digital logic Microprocessors
260
_b
John Wiley
_a
New York
_c
1984
082
_a
4.16
_b
PAN
300
_a
448
546
_a
ENGLISH
999
_c
24445
_d
24445